| 000 | 00510nam a22001577a 4500 | ||
|---|---|---|---|
| 003 | macl | ||
| 005 | 20171110133214.0 | ||
| 008 | 171110b xxu||||| |||| 00| 0 eng d | ||
| 040 | _cmacl | ||
| 082 | _a080 | ||
| 100 |
_aशरण ,सं. गिरिराज _969435 |
||
| 245 | _aपटेल बाेल रहा हूॅ | ||
| 260 |
_aदिल्ली _bप्रतिभा प्रतिष्ठान _c2017 |
||
| 650 |
_aसामान्य वर्ग _936 |
||
| 942 |
_2ddc _cHIN |
||
| 999 |
_c57162 _d57162 |
||